00354nam a2200121Ia 4500008004100000020001800041082001700059245004300076260005500119300000800174546000900182650004100191230312s9999||||xx |||||||||||||| ||und|| a0-87447-544-9 a378.154bCOL 0aCollege Costs & Financial Aid HandBook bCollege Entrance Examination BoardaNew Yorkc1996 a330 aEng. aManagementvWhat does college cost ?